|
|
|
|
| LEADER |
00672nam a2200217Ia 4500 |
| 008 |
240829s9999 xx 000 0 und d |
| 020 |
|
|
|a 84-329-2621-3
|
| 040 |
|
|
|a BIBLIOTECA-RUSB/ Ref 721 E77
|
| 041 |
|
|
|a spa
|
| 082 |
|
|
|a Ref 721 E77
|
| 100 |
1 |
|
|a España. Grupo Editorial CEAC
|
| 245 |
1 |
0 |
|a Nueva enciclopedia del encargado de obra. Administración técnica de la obra : volumen 4
|
| 260 |
|
|
|a España
|b CEAC
|c 2001
|
| 300 |
|
|
|a 390 p. :il.
|
| 650 |
7 |
|
|a ESTRUCTURA ARQUITECTONICA
|
| 650 |
7 |
|
|b ADMINISTRACION TECNICA DE LA OBRA
|
| 650 |
7 |
|
|c MEDICION - MOVIMIENTO DE TIERRA
|
| 650 |
7 |
|
|d ORGANIZACION DE LA OBRA
|
| 942 |
|
|
|c BK
|2 ddc
|
| 991 |
|
|
|a TEXTO
|
| 999 |
|
|
|c 6481
|